Evangelism, a biblical approach / (Record no. 2908)

MARC details
000 -LEADER
fixed length control field 00813pam a2200253 a 4500
001 - CONTROL NUMBER
control field 2368664
003 - CONTROL NUMBER IDENTIFIER
control field GBCCL
005 - DATE AND TIME OF LATEST TRANSACTION
control field 20241126110442.0
008 - FIXED-LENGTH DATA ELEMENTS--GENERAL INFORMATION
fixed length control field 840615s1984 ilu b 000 0 eng
010 ## -
-- 84014681
020 ## - INTERNATIONAL STANDARD BOOK NUMBER
International Standard Book Number 0802423965 (pbk.) :
Terms of availability $6.95
040 ## - CATALOGING SOURCE
Original cataloging agency DLC
Transcribing agency DLC
Modifying agency DLC
050 00 -
-- BS2545.E82
-- C67 1984
082 00 - DEWEY DECIMAL CLASSIFICATION NUMBER
Classification number 269.2
Edition information 19
Item number COC
100 1# - MAIN ENTRY--PERSONAL NAME
Personal name Cocoris, G. Michael,
Dates associated with a name 1939-
9 (RLIN) 6077
245 10 - TITLE STATEMENT
Title Evangelism, a biblical approach /
Statement of responsibility, etc. by G. Michael Cocoris.
260 ## - PUBLICATION, DISTRIBUTION, ETC.
Place of publication, distribution, etc. Chicago :
Name of publisher, distributor, etc. Moody Press,
Date of publication, distribution, etc. c1984.
300 ## - PHYSICAL DESCRIPTION
Extent 176 p. ;
Dimensions 22 cm.
504 ## - BIBLIOGRAPHY, ETC. NOTE
Bibliography, etc. note Bibliography: p. [174]-176.
630 00 - SUBJECT ADDED ENTRY--UNIFORM TITLE
Uniform title Bible.
Name of part/section of a work New Testament
General subdivision Criticism, interpretation, etc.
9 (RLIN) 338
650 #0 - SUBJECT ADDED ENTRY--TOPICAL TERM
Topical term or geographic name entry element Evangelistic work
General subdivision Biblical teaching.
9 (RLIN) 4408
906 ## - LOCAL DATA ELEMENT F, LDF (RLIN)
a 7
b cbc
c orignew
d 1
e ocip
f 19
g y-gencatlg
942 ## - ADDED ENTRY ELEMENTS (KOHA)
Source of classification or shelving scheme Dewey Decimal Classification
Koha item type Books
Koha issues (borrowed), all copies 16
Holdings
Withdrawn status Lost status Source of classification or shelving scheme Damaged status Not for loan Home library Current Library Shelving location Date acquired Total checkouts Total renewals Full call number Barcode Date last seen Date last checked out Copy number Price effective from Koha item type
    Dewey Decimal Classification     GRACE BIBLE COLLEGE GRACE BIBLE COLLEGE Ministry & Mission 2017-10-06 19 1 269.2 COC 004573 2026-02-25 2026-02-19 c.1 2017-10-06 Books
© Grace Bible College Library 2025